|
|
|
|
| LEADER |
01950nam a2200481 i 4500 |
| 001 |
EBC3386792 |
| 003 |
MiAaPQ |
| 005 |
20200520144314.0 |
| 006 |
m o d | |
| 007 |
cr cnu|||||||| |
| 008 |
150216t20152015enk ob 001 0 eng d |
| 020 |
|
|
|z 9780745334387
|
| 020 |
|
|
|z 9780745334370
|
| 020 |
|
|
|a 9781783712670
|q (electronic bk.)
|
| 020 |
|
|
|a 9781783712687
|q (electronic bk.)
|
| 020 |
|
|
|a 9781783712663
|q (electronic bk.)
|
| 035 |
|
|
|a (MiAaPQ)EBC3386792
|
| 035 |
|
|
|a (Au-PeEL)EBL3386792
|
| 035 |
|
|
|a (CaPaEBR)ebr11018350
|
| 035 |
|
|
|a (CaONFJC)MIL987482
|
| 035 |
|
|
|a (OCoLC)903315615
|
| 040 |
|
|
|a MiAaPQ
|b eng
|e rda
|e pn
|c MiAaPQ
|d MiAaPQ
|
| 050 |
|
4 |
|a HB501
|b .C746 2015
|
| 082 |
0 |
|
|a 330.122
|2 23
|
| 100 |
1 |
|
|a Cremin, Colin,
|e author.
|
| 245 |
1 |
0 |
|a Totalled :
|b salvaging the future from the wreckage of capitalism /
|c Colin Cremin.
|
| 264 |
|
1 |
|a London, England :
|b Pluto Press,
|c 2015.
|
| 264 |
|
4 |
|c 2015
|
| 300 |
|
|
|a 1 online resource (208 pages)
|
| 336 |
|
|
|a text
|2 rdacontent
|
| 337 |
|
|
|a computer
|2 rdamedia
|
| 338 |
|
|
|a online resource
|2 rdacarrier
|
| 504 |
|
|
|a Includes bibliographical references and index.
|
| 588 |
|
|
|a Description based on online resource; title from PDF title page (ebrary, viewed February 16, 2015).
|
| 590 |
|
|
|a Electronic reproduction. Ann Arbor, MI : ProQuest, 2015. Available via World Wide Web. Access may be limited to ProQuest affiliated libraries.
|
| 650 |
|
0 |
|a Capitalism.
|
| 650 |
|
0 |
|a Globalization
|x Economic aspects.
|
| 650 |
|
0 |
|a Capitalism
|x Moral and ethical aspects.
|
| 650 |
|
0 |
|a Economics
|x Sociological aspects.
|
| 655 |
|
4 |
|a Electronic books.
|
| 776 |
0 |
8 |
|i Print version:
|a Cremin, Colin.
|t Totalled : salvaging the future from the wreckage of capitalism.
|d London, England : Pluto Press, c2015
|h vi, 199 pages
|z 9780745334387
|
| 797 |
2 |
|
|a ProQuest (Firm)
|
| 856 |
4 |
0 |
|u https://ebookcentral.proquest.com/lib/matrademy/detail.action?docID=3386792
|z Click to View
|